CONCISE OXFORD ENGLISH DICTIONARY (Record no. 13356)

MARC details
000 -LEADER
fixed length control field 00349nam a2200133Ia 4500
008 - FIXED-LENGTH DATA ELEMENTS--GENERAL INFORMATION
fixed length control field 240624s9999 xx 000 0 und d
041 ## - LANGUAGE CODE
Language code of text/sound track or separate title eng
082 ## - DEWEY DECIMAL CLASSIFICATION NUMBER
Classification number 413 OXF
100 ## - MAIN ENTRY--PERSONAL NAME
Personal name OXFORD UNIVERSITY PRESS
245 ## - TITLE STATEMENT
Title CONCISE OXFORD ENGLISH DICTIONARY
250 ## - EDITION STATEMENT
Edition statement (11th ed.)
260 ## - PUBLICATION, DISTRIBUTION, ETC.
Date of publication, distribution, etc. 2008
Place of publication, distribution, etc. Hyderabad
Name of publisher, distributor, etc. Oxford University press
365 ## - TRADE PRICE
Currency code RS
Price amount 30
Holdings
Withdrawn status Lost status Damaged status Not for loan Home library Current library Shelving location Date acquired Source of acquisition Cost, normal purchase price Total Holds Full call number Barcode Date last seen Copy number Price effective from Koha item type
        IMTN IMTN Rack 15-B 06/19/2009 IBH 775.00 321 413 OXF 13356 06/24/2024 1 06/24/2024 Books
Designed & Maintained by: LRC IMT Nagpur Contact: lrc@imtnag.ac.in© 2024. All Rights Reserved.